Can HIPs save the planet? (Record no. 79592)

MARC details
000 -LEADER
fixed length control field 01322cab a22002415a 4500
001 - CONTROL NUMBER
control field L141811
008 - FIXED-LENGTH DATA ELEMENTS--GENERAL INFORMATION
fixed length control field 071221e20071123xxk f 000 0 eng d
035 ## - SYSTEM CONTROL NUMBER
System control number (Sirsi) u141811
041 0# - LANGUAGE CODE
Language code of text/sound track or separate title eng
100 1# - MAIN ENTRY--PERSONAL NAME
Personal name Marsden, David
245 00 - TITLE STATEMENT
Title Can HIPs save the planet?
260 ## - PUBLICATION, DISTRIBUTION, ETC.
Date of publication, distribution, etc. 2007
490 ## - SERIES STATEMENT
Series statement New Law Journal
Volume/sequential designation 157(7298) 23 November 2007, 1634-1635(2)
520 ## - SUMMARY, ETC.
Summary, etc. Provides a resume of the purpose and effect of Home Information Packs (HIPs). The packs were first suggested to help prevent gazumping, and are now in force for the whole UK residential market. The HIP needs to be commissioned prior to marketing the property. Notes that consumer behaviour has not been radically changed. Covers the documents which must be included and those which can be referenced from the main document. Also covers web-based HIP solutions. Speculates on future changes to HIPs and asks whether they will have the desired effect toward carbon reduction.
590 ## - LOCAL NOTE (RLIN)
Local note KA
650 24 - SUBJECT ADDED ENTRY--TOPICAL TERM
Topical term or geographic name entry element HOME INFORMATION PACKS
650 24 - SUBJECT ADDED ENTRY--TOPICAL TERM
Topical term or geographic name entry element COMMERCIAL ENERGY PERFORMANCE CERTIFICATES
650 24 - SUBJECT ADDED ENTRY--TOPICAL TERM
Topical term or geographic name entry element HOUSING ACT 2004 PART V
650 24 - SUBJECT ADDED ENTRY--TOPICAL TERM
Topical term or geographic name entry element HOME INFORMATION PACK (NO.2) REGULATIONS 2007
651 #4 - SUBJECT ADDED ENTRY--GEOGRAPHIC NAME
Geographic name United Kingdom
Chronological subdivision
690 ## - LOCAL SUBJECT ADDED ENTRY--TOPICAL TERM (OCLC, RLIN)
Topical term or geographic name as entry element PROPERTY-RESIDENTIAL PROPERTY-ACQUISITION AND DISPOSAL OF RESIDENTIAL PROPERTY-HOME BUYING REFORM
942 ## - ADDED ENTRY ELEMENTS (KOHA)
Suppress in OPAC 0
Holdings
Withdrawn status Lost status Source of classification or shelving scheme Damaged status Not for loan Home library Current library Shelving location Date acquired Total Checkouts Full call number Barcode Date last seen Copy number Price effective from Koha item type
    Dewey Decimal Classification     London London Journal article 21/12/2007   L141811 141811-1001 06/08/2019 1 06/08/2019 Journal article